|
|
|
|
| LEADER |
00000nam a22000007a 4500 |
| 005 |
20120327140818.0 |
| 007 |
cr|||| |||| |
| 008 |
120327s2011 co |||||s|||| 00||0 spa d |
| 020 |
|
|
|a 978-958-648-724-5
|
| 035 |
|
|
|a 6245
|
| 040 |
|
|
|a vLex
|
| 090 |
|
|
|c 3087
|d 3087
|
| 100 |
1 |
|
|a Ramr̕ez Salazar, Mara̕ del Pilar
|
| 245 |
1 |
0 |
|a Innovacin̤ en gestin̤ de eventos organizacionales
|h [Recurso electrn̤ico] /
|c Mara̕ del Pilar Ramr̕ez Salazar
|
| 256 |
|
|
|a Servicio en ln̕ea
|
| 260 |
|
|
|a Bogot ̀:
|b Ecoe ediciones,
|c 2011
|
| 300 |
|
|
|a 1 recurso electrn̤ico
|
| 490 |
0 |
|
|a Ciencias administrativas. Administracin̤
|
| 500 |
|
|
|a La mayora̕ de las grandes empresas han involucrado dentro de sus planes de desarrollo la inversin̤ anual de recursos para llevar a cabo actividades de relacionamiento; las convenciones, ferias, congresos internacionales entre otros, son algunos de los espacios de mayor impacto en los grupos de interš de una compaįa por las redes de colaboracin̤ empresarial que se inician y fortalecen en estos espacios. Este libro es una muestra de una red de colaboracin̤ empresarial que se inicia entre la universidad EAN y la editorial ECOE con el fin de apoyar la transferencia del conocimiento de las obras de produccin̤ intelectual generadas por nuestros investigadores.
|
| 504 |
|
|
|a Incluye bibliografa̕
|
| 506 |
1 |
|
|a Contenido solo disponible en los productos indicados
|d vLex Global
|d vLex Global (Academic Edition, excluding Law Schools)
|d vLex Global (U.S. Academic Edition, Law Schools)
|d vLex Global (U.S. Academic Edition, excluding Law Schools)
|d vLex Global (Academic Edition, Law Schools)
|
| 650 |
0 |
4 |
|a Empresas
|x Direccin̤ y administracin̤
|z Colombia
|
| 650 |
0 |
4 |
|a Eventos especiales
|z Colombia
|
| 740 |
0 |
|
|a vLex Libros (Servicio en ln̕ea)
|
| 856 |
4 |
0 |
|u http://vlex.com/source/innovacion-gestion-eventos-organizacionales-6245
|z Acceso restringido
|
| 942 |
|
|
|c BOOK
|
| 999 |
0 |
|
|a Special events
|
| 999 |
0 |
|
|a Industrial management
|